Connaissez-vous vraiment Toy Story ? - Statistiques

Statistiques générales
  • Ce quiz a été pris 395 fois
  • Le résultat moyen est 13 sur 27
Statistiques - réponses
Hint Réponse % Correct
Pour qui a un faible pour Woody ? La Bergère
91%
Rex
88%
citations "Il y a un {serpent} dans ma botte"
84%
citations "Vers {l}’{infini} et au-delà"
81%
Comment s'appelle la pizzeria d'où viennent les aliens ? Pizza Planet
77%
Toy Story 3 Lotso
57%
Bayonne
53%
citations "Le {grappin} est notre maître il choisit ceux qui s’en vont et ceux qui restent"
53%
Toy Story 1 Sid Phillips
53%
"Ton ami c'est moi Tu sais, je suis ton ami Quand tout s’embrouille, en vadrouille, Loin, très loin de ton {lit} {douillet}"
52%
cit "Nous vous devons une {reconnaissance} {éternelle}"
51%
Pile Poil
50%
Qui donne "naissance" au jouet Fourchette ? Bonnie
49%
Toy Story 2 Al McWhiggin / Empereur Zurg / Papi Pépite
48%
cit "Non Buzz, je suis ton {père}"
48%
Siffli
47%
Toy Story 4 Gabby Gabby
45%
cit "Salutations, je suis Buzz l’éclair, je viens {en} {paix}"
45%
Comment s'appelle l'école maternelle dans laquelle échouent nos jouets dans Toy Story 3 ? Sunnyside
41%
citations "J’appelle pas ça voler, j’appelle ça {tomber} {avec} {panache}"
38%
Quelle est le nom de l'enfant qui était propriétaire de Jessie ? Emilie
32%
chan "Quand elle m’aimait encore C’était pour moi l’âge d’or Et chaque heure passée avec elle Demeure {dans} {mon} {coeur}"
26%
Que demande Gabby Gabby à Woody pour la réparer ? Une boîte vocale
18%
Comment s'appelle l'émission dont Woody est le héros ? Western Woody
17%
cit "Pour réinitialiser Buzz l’éclair, insérer un {trombone}"
13%
Comment s'appelle la licorne ? Bouton d'Or
12%
"Quand le soleil darde ses rayons Je ne vois plus comment naviguer maintenant. Jamais plus {je} {ne} {volerai}."
11%
Aucun quiz correspondant
Distribution des résultats
% des personnes avec chaque résultat
Percentile par nombre de réponses
Votre historique - résultats
Vous n’avez pas pris ce quiz